Estatísticas para Países que contêm uma letra - L

Clique aqui para jogar o quiz

Estatísticas Gerais

  • Esse quiz foi jogado 83 vezes
  • A pontuação média é 44 de 66

Estatísticas das Respostas

CategoriaPaís% Correto
1 x LLituânia
95%
1 x LLetónia
91%
1 x LAlemanha
88%
1 x LAustrália
86%
1 x LLuxemburgo
84%
1 x LChile
82%
1 x LBrasil
80%
1 x LPolônia
79%
1 x LÁfrica do Sul
77%
1 x LFinlândia
77%
1 x LItália
77%
1 x LLaos
77%
1 x LArgélia
75%
1 x LBolívia
73%
1 x LLesoto
73%
1 x LLíbano
73%
1 x LVenezuela
73%
1 x LColômbia
71%
1 x LIslândia
71%
1 x LNova Zelândia
71%
1 x LPortugal
71%
1 x LRepública Democrática do Congo
71%
1 x LRepública do Congo
71%
1 x LAlbânia
70%
1 x LLíbia
70%
1 x LTailândia
70%
1 x LEslovénia
68%
3 x LIlhas Marshall
68%
1 x LIrlanda
68%
1 x LLiechtenstein
68%
1 x LNepal
68%
1 x LRepública Dominicana
68%
1 x LBielorrússia
66%
1 x LEslováquia
66%
1 x LMalásia
66%
1 x LCoreia do Sul
64%
1 x LRepública Checa
64%
1 x LBangladesh
63%
1 x LBélgica
63%
1 x LLibéria
63%
1 x LMalta
63%
1 x LSenegal
63%
1 x LAngola
61%
1 x LGuatemala
61%
2 x LIlhas Salomão
61%
1 x LMali
61%
1 x LPalau
61%
1 x LRepública Centro-Africana
61%
1 x LSanta Lúcia
61%
1 x LTuvalu
61%
1 x LFilipinas
59%
1 x LSomália
59%
1 x LBulgária
57%
2 x LEl Salvador
57%
1 x LSri Lanka
57%
1 x LBelize
55%
1 x LGuiné Equatorial
55%
1 x LIsrael
55%
1 x LMoldávia
55%
1 x LMongólia
55%
1 x LMalawi
54%
1 x LMaldivas
54%
2 x LSeychelles
52%
1 x LSudão do Sul
46%
1 x LTimor-Leste
46%
1 x LSerra Leoa
39%

Distribuição das Pontuações

Percentil de Números Respondidos

Porcentagem de Pessoas com Cada Pontuação

Sua Pontuação Histórica

Você não jogou esse quiz